El papel del noticiero televisivo en democracia: el caso chileno /

Se ordena el discurso presentado en notas seleccionadas de los tres noticieros chilenos de más alto rating, durante los años 2005 y 2006. Se busca establecer cómo orquesta cada canal las distintas voces presentes en la esfera pública. Se plantea que el mercado como tal no puede asegurar la existenci...

Descrición completa

Gardado en:
Detalles Bibliográficos
Autor Principal: Antezana Barrios, Lorena
Formato: Texto
Materias:
Etiquetas: Engadir etiqueta
Sen Etiquetas, Sexa o primeiro en etiquetar este rexistro!

MARC

LEADER 00000 a a2200000 04500
001 41811
003
040
100 |a Antezana Barrios, Lorena  
245 |a El papel del noticiero televisivo en democracia: el caso chileno /  |c Lorena Antezana Barrios  
520 |a Se ordena el discurso presentado en notas seleccionadas de los tres noticieros chilenos de más alto rating, durante los años 2005 y 2006. Se busca establecer cómo orquesta cada canal las distintas voces presentes en la esfera pública. Se plantea que el mercado como tal no puede asegurar la existencia de medios de comunicación plurales pues éstos no operan en igualdad de condiciones.  
590 |a EFU/AGOSTO2011  
650 |a 1.TELEVISION  
650 |a 2.CHILE  
650 |a 3.ESTUDIOS DE CASOS  
650 |a 4.MEDIOS DE COMUNICACION DE MASAS  
773 |g (2008), páginas 14-27  
999 |c 26798  |d 26798